Statistics for All Lewis Capaldi Songs

Click here to take the quiz!

General Stats

  • This quiz has been taken 299 times
    (233 since last reset)
  • The average score is 16 of 25

Answer Stats

AlbumSong% Correct
BreachSomeone You Loved
92%
BloomBruises
87%
Divinely Uninspired to a Hellish ExtentBefore You Go
86%
BreachGrace
83%
Single #2Forget Me
80%
Divinely Uninspired to a Hellish ExtentHold Me While You Wait
76%
Divinely Uninspired to a Hellish ExtentForever
75%
Single #3Pointless
75%
Divinely Uninspired to a Hellish ExtentOne
74%
Divinely Uninspired to a Hellish ExtentHollywood
70%
Divinely Uninspired to a Hellish ExtentFade
62%
BloomFade
62%
Divinely Uninspired to a Hellish ExtentLost on You
61%
BloomLost on You
61%
Divinely Uninspired to a Hellish ExtentMaybe
59%
Divinely Uninspired to a Hellish ExtentLet It Roll
58%
Divinely Uninspired to a Hellish ExtentHeadspace
56%
Divinely Uninspired to a Hellish ExtentDon't Get Me Wrong
54%
Divinely Uninspired to a Hellish ExtentLeaving My Love Behind
54%
BreachTough
52%
BloomMercy
51%
SingleRush
50%
BreachSomething Borrowed
43%
To Tell the Truth I Can't Believe We Got This FarShallow
41%
Spotify SinglesWhen the Party's Over
39%

Score Distribution

Percentile by Number Answered

Percent of People with Each Score

Your Score History

You have not taken this quiz since the last reset